000 01647nam a2200241Ia 4500
008 260220t1969||||xx |||||||||||||| ||spa||
040 _aPY-SlUNAC
_bspa
_erda
041 _aspa
082 _a863
_bL77d
100 _aLlauge, Felix
_eAutor
245 0 _aDepósito de cadáveres /
_cpor Felix Llauge [Autor]
264 _aBarcelona :
_bTelstar,
_c℗1969.
300 _a1 volumen
520 _a"Depósito de cadáveres" de Félix Llauge es una obra que explora las profundidades de la condición humana a través de una narrativa que combina elementos de thriller y drama psicológico. Ambientada en un contexto en el que el misterio y la muerte juegan un papel central, la historia se despliega en torno a un depósito donde se almacenan cuerpos sin vida, lo que sirve como metáfora de la vida, la pérdida y la memoria. A medida que los personajes interactúan con los cadáveres, se revelan sus miedos, anhelos y secretos más oscuros, reflejando la complejidad de las relaciones humanas y el inevitable enfrentamiento con la mortalidad. La prosa de Llauge es a la vez evocadora y precisa, invitando al lector a reflexionar sobre la fragilidad de la existencia y la naturaleza efímera del ser. Este relato desafiante invita a cuestionar la percepción de la muerte y su impacto en los vivos, convirtiéndose en una obra significativa para la literatura contemporánea.
653 _aAntropología
653 _aArqueología
653 _aTécnicas de conservación
942 _b2026/02/17
_cBK
999 _c9251
_d9251